000 00866nam a22002417a 4500
001 104231
003 UA-OsUOA
005 20220413175659.0
007 ta
008 20131209b un ||||| |||| 00| 0 ukr d
020 _a9667283844
040 _aUA-OsUOA
_brus
_cUA-OsUOA
_dUA-OsUOA
041 _arus
080 _a343.138(094)
090 _a343.138(094)
_bШ52
245 _aШестой процесс Мустафы Джемилева
_bматериалы следствия и запись судебного процесса. 1983–1984 гг. Ташкент
_cгл. ред. И. Чегертма
260 _aСимферополь
_bКрым
_c2001
300 _a496 с.
650 7 _a343 Кримінальне право. Карні порушення
_2UDC
942 _cBK
_2udc
955 _a0
999 _c390278
_d390278